| 000 | 01217njm a22002657a 4500 | ||
|---|---|---|---|
| 005 | 20100913142215.0 | ||
| 006 | a|||||r|||||00| 0 | ||
| 007 | sd ammalaaahaa | ||
| 008 | 100909t xxu||||| |||| 00| 0 eng d | ||
| 028 |
_aECSD.2374 _bHis Master's Voice |
||
| 035 | _aGR-02263 | ||
| 040 |
_aSED _cSED |
||
| 100 |
_917690 _aBegam Akhtar |
||
| 245 |
_aBegam Akhtar: _csung by Begam Akhtar _h[Sound Recording] : _bDadras and Thumris / |
||
| 246 | _aबेगम अख्तर :दाद्रस और ठुम्रिस / | ||
| 260 |
_aDum Dum India _bHis Master's Voice _c1968 |
||
| 300 |
_a1 sound disc (Gramophone Recording) _banalog, 33 1/3 rpm _c12.5 in. (LP) _fGramophone Record |
||
| 500 | _aBrief Record | ||
| 500 | _aRecords Labels :His Master's Voice,Black | ||
| 505 | _aSide १ज्ञब से श्याम सिधारे -ठुमरी (Jab Se Shyam Sidhare -thumri) (Begam Akhtar) Side 2 ज़रा धीरे से बोलू (Zara Dheere Se Bolu) (Begam Akhtar). | ||
| 600 |
_aBegam Akhtar _919805 |
||
| 650 |
_aClassical Music _xExcerpts _zIndia _917691 |
||
| 942 |
_2ddc _cGR |
||
| 999 |
_c45436 _d45436 |
||